| Tag |
First Indicator |
Second Indicator |
Subfields |
| LEADER |
00000cam a22000001a 4500 |
| 001 |
in00003289521 |
| 006 |
m d f |
| 007 |
cr bn mmmapmmp |
| 008 |
091022s1991 dcua o f000 0 eng d |
| 005 |
20260511210401.6 |
| 035 |
|
|
|a cis2007458928
|
| 040 |
|
|
|a UMI
|c UMI
|d UtOrBLW
|
| 043 |
|
|
|a n-us---
|
| 074 |
|
|
|a 1000-B, 1000-C (MF)
|
| 086 |
0 |
|
|a Y 4.Ec 7:M 31
|
| 099 |
|
|
|a HRG-1990-ECJ-0020
|
| 110 |
1 |
|
|a United States.
|b Congress.
|b Joint Economic Committee.
|
| 245 |
1 |
0 |
|a Manufacturing extension programs :
|b hearing before the Joint Economic Committee, Congress of the United States, One Hundred First Congress, second session, May 1, 1990.
|
| 264 |
|
1 |
|a Washington :
|b U.S. G.P.O.,
|c 1991.
|
| 300 |
|
|
|a 1 online resource.
|
| 336 |
|
|
|a text
|b txt
|2 rdacontent
|
| 337 |
|
|
|a computer
|b c
|2 rdamedia
|
| 338 |
|
|
|a online resource
|b cr
|2 rdacarrier
|
| 490 |
1 |
|
|a S. hrg. ;
|v 101-1134
|
| 500 |
|
|
|a Record is based on bibliographic data in ProQuest Congressional Hearings Digital Collection. Reuse except for individual research requires license from ProQuest, LLC.
|
| 538 |
|
|
|a System requirements: PDF reader software.
|
| 500 |
|
|
|a Electronic resource.
|
| 650 |
|
0 |
|a Foreign trade promotion
|z United States.
|
| 650 |
|
0 |
|a Manufactures
|z United States.
|
| 655 |
|
7 |
|a Electronic books.
|2 local
|
| 650 |
|
0 |
|a Manufacturing industries
|z United States.
|
| 710 |
2 |
|
|a ProQuest (Firm)
|
| 776 |
0 |
8 |
|i Print version:
|a United States. Congress. Joint Economic Committee
|t Manufacturing extension programs
|w (DGPO)91069276
|w (OCoLC)23353479
|
| 776 |
0 |
8 |
|i Microfiche version:
|a United States. Congress. Joint Economic Committee
|t Manufacturing extension programs.
|d [Bethesda, Md.] : ProQuest,[2004]
|o CIS 91 J841-9
|w (ProQuest)cis09101607
|
| 810 |
1 |
|
|a United States.
|b Congress.
|b Senate.
|t S. hrg. ;
|v 101-1134.
|
| 830 |
|
0 |
|a U.S. Congressional Hearings.
|
| 856 |
4 |
0 |
|u http://proxy.library.tamu.edu/login?url=https://congressional.proquest.com/congcomp/getdoc?HEARING-ID=HRG-1990-ECJ-0020
|z Connect to the full text of this electronic book
|t 0
|
| 998 |
|
|
|a cis09101607
|
| 999 |
|
|
|a MARS
|
| 999 |
f |
f |
|s 486bb7cb-e64c-3d75-a661-07f56c0f9795
|i 9beb190a-a66b-316f-ad16-dac005fc9548
|t 0
|
| 952 |
f |
f |
|a Texas A&M University
|b College Station
|c Electronic Resources
|s www_evans
|d Available Online
|t 0
|e HRG-1990-ECJ-0020
|h Other scheme
|
| 998 |
f |
f |
|a HRG-1990-ECJ-0020
|t 0
|l Available Online
|